00882cam a2200241u 450000100060000000300080000600500170001400800410003103500190007204000240009104100080011508200270012310000610015024500190021126000750023030000380030549000730034365000270041690600450044394200120048899900170050095201230051775289BD-RjUL20211209082652.0830210s1960 it ab i000 0 eng  a(BD-RjUL)75507 aDLCcCarPdDLCbeng aeng 223a634.9751bSCP 19601 aScott, Charles Winter,d1892- [from old catalog]922809700aPinus radiata. aRome:bFood and Agriculture Organization of the United Nations,c1960. axii, 328 p.billus., map.c24 cm.1 aFAO forestry and forest products studies,vno. 14 [from old catalog] 0aPinus radiata.9228098 a0bcbccpremunvduencipf19gy-gencatlg 2ddccBK c75289d75289 00102ddc40718NFICaRUCLbRUCLcReadingd2019-02-12l0o634.9751 SCP 1960r2019-02-12 00:00:00tC-1w2019-02-12yBK